[Event "Gibraltar ChallWk1 11th "]
[Site "Gibraltar"]
[Date "2013.01.25"]
[Round "5.31"]
[White "Nwachukwu, Chino"]
[Black "Gravett, Alan D"]
[Result "1-0"]
[WhiteElo "1962"]
[BlackElo "1869"]
[PlyCount "77"]
[EventDate "2013.01.21"]
[EventType "swiss"]
[EventRounds "5"]
[EventCountry "GGB"]
[SourceTitle "BritBase"]
[Source "www.saund.co.uk"]
[SourceDate "2018.02.10"]
[SourceVersion "1"]
[SourceVersionDate "2018.02.10"]
[SourceQuality "1"]

1. e4 c5 2. Nf3 d6 3. d4 cxd4 4. Nxd4 Nf6 5. Nc3 a6 6. Bg5 Nc6 7. Bc4 e6 8. f4
Be7 9. Nxc6 bxc6 10. Qf3 Rb8 11. Bb3 h6 12. Bh4 d5 13. O-O-O Rb4 14. a3 Rb8 15.
f5 Nxe4 16. Bxe7 Qxe7 17. Nxe4 dxe4 18. Qg3 Rxb3 19. Qxg7 Qg5+ 20. Qxg5 hxg5
21. cxb3 exf5 22. Rd6 Be6 23. Rxc6 Kd7 24. Rxa6 Bxb3 25. Kd2 Rc8 26. g3 f4 27.
gxf4 gxf4 28. Ra7+ Ke6 29. Rf1 Rc2+ 30. Ke1 f3 31. Rf2 Rc1+ 32. Kd2 Rd1+ 33.
Ke3 Ke5 34. Ra5+ Bd5 35. Rd2 Rxd2 36. Kxd2 f2 37. Ke2 e3 38. h4 Kd4 39. Rxd5+
1-0

[Event "Gibraltar ChallWk2 11th"]
[Site "Gibraltar"]
[Date "2013.01.26"]
[Round "1.1"]
[White "Meszaros, Gyula"]
[Black "Samu, Sorin-Mihai"]
[Result "1-0"]
[WhiteElo "2248"]
[BlackElo "2095"]
[PlyCount "81"]
[EventDate "2013.01.26"]
[EventType "swiss"]
[EventRounds "5"]
[EventCountry "GGB"]
[SourceTitle "BritBase"]
[Source "www.saund.co.uk"]
[SourceDate "2018.02.10"]
[SourceVersion "1"]
[SourceVersionDate "2018.02.10"]
[SourceQuality "1"]

1. Nf3 d5 2. c4 d4 3. e3 dxe3 4. fxe3 Nf6 5. d4 c5 6. Nc3 e6 7. Bd3 Nc6 8. Bc2
Be7 9. a3 a6 10. O-O O-O 11. d5 exd5 12. cxd5 Na7 13. e4 Nb5 14. Nxb5 axb5 15.
d6 Qxd6 16. Qxd6 Bxd6 17. e5 Be7 18. exf6 Bxf6 19. Be3 Be6 20. Rf2 b6 21. Be4
Ra7 22. Re1 Rc8 23. Ng5 Bxg5 24. Bxg5 h6 25. Bd2 Rd8 26. Bc3 Bc4 27. h4 Rad7
28. Re3 Rd1+ 29. Kh2 g6 30. Bc2 Rf1 31. Rd2 Rc8 32. h5 gxh5 33. Bd3 Rf4 34.
Rg3+ Kf8 35. Bg7+ Ke7 36. Bxc4 Rh4+ 37. Kg1 Re4 38. Bxb5 h4 39. Rf3 Rc7 40.
Bxh6 f6 41. Re3 1-0

[Event "Gibraltar ChallWk2 11th"]
[Site "Gibraltar"]
[Date "2013.01.26"]
[Round "1.2"]
[White "Nafri, Khalil"]
[Black "Scharrer, Patrick"]
[Result "1/2-1/2"]
[WhiteElo "2091"]
[BlackElo "2248"]
[PlyCount "57"]
[EventDate "2013.01.26"]
[EventType "swiss"]
[EventRounds "5"]
[EventCountry "GGB"]
[SourceTitle "BritBase"]
[Source "www.saund.co.uk"]
[SourceDate "2018.02.10"]
[SourceVersion "1"]
[SourceVersionDate "2018.02.10"]
[SourceQuality "1"]

1. e4 c5 2. Nf3 e6 3. d4 cxd4 4. Nxd4 Nc6 5. Nc3 Qc7 6. Be2 a6 7. O-O Nf6 8. a3
b5 9. Be3 Bb7 10. Nb3 Ne5 11. f3 Nc4 12. Bxc4 bxc4 13. Nd2 d5 14. exd5 Nxd5 15.
Nxd5 Bxd5 16. Ne4 Be7 17. b4 cxb3 18. cxb3 O-O 19. b4 Rfd8 20. Qe1 Bxe4 21.
fxe4 Qc2 22. Qf2 Qxf2+ 23. Kxf2 Rd3 24. Rfd1 Rb3 25. Rdb1 Rc3 26. Rc1 Rb3 27.
Rcb1 Rc3 28. Rc1 Rb3 29. Rcb1 1/2-1/2

[Event "Gibraltar ChallWk2 11th"]
[Site "Gibraltar"]
[Date "2013.01.26"]
[Round "1.3"]
[White "Olhovik, Andrei"]
[Black "Kandic, Milan"]
[Result "1/2-1/2"]
[WhiteElo "2246"]
[BlackElo "2090"]
[PlyCount "64"]
[EventDate "2013.01.26"]
[EventType "swiss"]
[EventRounds "5"]
[EventCountry "GGB"]
[SourceTitle "BritBase"]
[Source "www.saund.co.uk"]
[SourceDate "2018.02.10"]
[SourceVersion "1"]
[SourceVersionDate "2018.02.10"]
[SourceQuality "1"]

1. d4 g6 2. c4 Bg7 3. g3 Nf6 4. Bg2 O-O 5. Nc3 d6 6. Nf3 Nbd7 7. O-O e5 8. e4
Qe7 9. h3 c6 10. Be3 Ne8 11. Re1 b6 12. b4 Nc7 13. Qb3 c5 14. bxc5 dxc5 15.
dxe5 Nxe5 16. Nxe5 Qxe5 17. Rac1 Bb7 18. f4 Qe7 19. Nd5 Nxd5 20. cxd5 Rfd8 21.
e5 Rab8 22. Bf2 Kh8 23. Rcd1 Kg8 24. h4 Kh8 25. a4 Qd7 26. Kh2 Ba6 27. Bh3 Qe8
28. Qc2 c4 29. h5 gxh5 30. Qf5 Bc8 31. Qxh5 Bxh3 32. Kxh3 Rxd5 1/2-1/2

[Event "Gibraltar ChallWk2 11th"]
[Site "Gibraltar"]
[Date "2013.01.26"]
[Round "1.4"]
[White "Kozarcanin, Sead"]
[Black "Storey, Charles H"]
[Result "1/2-1/2"]
[WhiteElo "2090"]
[BlackElo "2245"]
[PlyCount "71"]
[EventDate "2013.01.26"]
[EventType "swiss"]
[EventRounds "5"]
[EventCountry "GGB"]
[SourceTitle "BritBase"]
[Source "www.saund.co.uk"]
[SourceDate "2018.02.10"]
[SourceVersion "1"]
[SourceVersionDate "2018.02.10"]
[SourceQuality "1"]

1. e4 c5 2. Ne2 g6 3. g3 Bg7 4. Bg2 Nc6 5. O-O d6 6. c3 h5 7. h3 e5 8. d3 Nge7
9. a3 f5 10. Bg5 Be6 11. Nd2 Qd7 12. h4 O-O 13. Rb1 Rae8 14. b4 b6 15. b5 Nd8
16. Be3 Nf7 17. d4 fxe4 18. Nxe4 exd4 19. cxd4 Nd5 20. Bc1 Bf5 21. Ng5 Ne7 22.
Rb2 d5 23. Be3 c4 24. Nc3 Bf6 25. Re1 Qd6 26. Rb4 Bxg5 27. hxg5 Bg4 28. Qd2 Qd7
29. Bf4 Be6 30. Rbb1 Nd6 31. Re5 Nf7 32. Re3 Nf5 33. Re2 Re7 34. Rbe1 Rfe8 35.
a4 Kh7 36. Kh2 1/2-1/2

[Event "Gibraltar ChallWk2 11th"]
[Site "Gibraltar"]
[Date "2013.01.26"]
[Round "1.5"]
[White "Dolzhikova, Olga"]
[Black "Brokko, Margit"]
[Result "1/2-1/2"]
[WhiteElo "2239"]
[BlackElo "2073"]
[PlyCount "54"]
[EventDate "2013.01.26"]
[EventType "swiss"]
[EventRounds "5"]
[EventCountry "GGB"]
[SourceTitle "BritBase"]
[Source "www.saund.co.uk"]
[SourceDate "2018.02.10"]
[SourceVersion "1"]
[SourceVersionDate "2018.02.10"]
[SourceQuality "1"]

1. e4 d6 2. d4 Nf6 3. Nc3 g6 4. f4 Bg7 5. Nf3 O-O 6. Bd3 Re8 7. e5 dxe5 8. fxe5
Ng4 9. h3 Nh6 10. g4 c5 11. dxc5 f5 12. g5 Nf7 13. Bf4 Qa5 14. Qe2 Qb4 15. Qe3
Qxb2 16. Kd2 Nc6 17. a3 Na5 18. Nd4 Rd8 19. Ncb5 Nxe5 20. Bxe5 Bxe5 21. Qxe5
Nb3+ 22. Ke3 Nxa1 23. Bc4+ e6 24. Bxe6+ Bxe6 25. Qxe6+ Kg7 26. Qf6+ Kg8 27.
Qe6+ Kg7 1/2-1/2

[Event "Gibraltar ChallWk2 11th"]
[Site "Gibraltar"]
[Date "2013.01.26"]
[Round "1.6"]
[White "Lindsoe, Fredrik Aunan"]
[Black "Lyell, Mark"]
[Result "1-0"]
[WhiteElo "2064"]
[BlackElo "2235"]
[PlyCount "94"]
[EventDate "2013.01.26"]
[EventType "swiss"]
[EventRounds "5"]
[EventCountry "GGB"]
[SourceTitle "BritBase"]
[Source "www.saund.co.uk"]
[SourceDate "2018.02.10"]
[SourceVersion "1"]
[SourceVersionDate "2018.02.10"]
[SourceQuality "1"]

1. c4 Nc6 2. d4 d5 3. Nf3 e5 4. dxe5 d4 5. g3 Nge7 6. Bg2 Ng6 7. Bg5 Qd7 8. O-O
h6 9. Bd2 Ngxe5 10. Nxe5 Nxe5 11. Qb3 Bd6 12. Bxb7 Bxb7 13. Qxb7 O-O 14. Qd5
Qh3 15. b4 c6 16. Qe4 Nxc4 17. Qxd4 Be5 18. Qxc4 Bxa1 19. Nc3 Bxc3 20. Bxc3
Rfd8 21. e3 Qf5 22. Bd4 a5 23. Bb6 Qd5 24. Qf4 Rdc8 25. bxa5 Qxa2 26. Rd1 c5
27. Rd7 Rc6 28. Rd6 Rxd6 29. Qxd6 Qb1+ 30. Kg2 Qe4+ 31. Kf1 c4 32. Qd4 Qxd4 33.
exd4 Kf8 34. Ke1 Ke7 35. Kd2 Kd6 36. Kc3 Kd5 37. Kb4 Rc8 38. Bc5 Rc6 39. f3 Re6
40. Kb5 Re8 41. a6 Rb8+ 42. Ka5 Kc6 43. a7 Ra8 44. Ka6 c3 45. Bb4 c2 46. Ba3
Rd8 47. d5+ Kc7 {Black overstepped the time limit} 1-0

[Event "Gibraltar ChallWk2 11th"]
[Site "Gibraltar"]
[Date "2013.01.26"]
[Round "1.7"]
[White "Nikolaidis, Konstantinos"]
[Black "Schouten, Freek"]
[Result "1-0"]
[WhiteElo "2233"]
[BlackElo "2060"]
[PlyCount "81"]
[EventDate "2013.01.26"]
[EventType "swiss"]
[EventRounds "5"]
[EventCountry "GGB"]
[SourceTitle "BritBase"]
[Source "www.saund.co.uk"]
[SourceDate "2018.02.10"]
[SourceVersion "1"]
[SourceVersionDate "2018.02.10"]
[SourceQuality "1"]

1. e4 g6 2. d4 Bg7 3. Nc3 d6 4. Be3 a6 5. f4 b5 6. Bd3 Bb7 7. Nf3 Nd7 8. O-O
Ngf6 9. e5 Nd5 10. Nxd5 Bxd5 11. a4 c6 12. c3 O-O 13. b3 Qc7 14. Ng5 h6 15. Ne4
Bxe4 16. Bxe4 d5 17. Bd3 e6 18. g4 f5 19. Kh1 Kh7 20. Rg1 Qd8 21. Ra2 Rg8 22.
Rag2 Qe8 23. h4 h5 24. gxh5 gxh5 25. Rg6 Qxg6 26. Rxg6 Kxg6 27. Qg1+ Kf7 28.
Qg5 Bf8 29. Qxh5+ Ke7 30. Kh2 Re8 31. Bxf5 exf5 32. e6 Rg7 33. Kh3 Nf6 34. Qxf5
Ng4 35. Bg1 Kd6 36. c4 Be7 37. cxb5 axb5 38. Qc2 Rh8 39. Qc5+ Kc7 40. Qa7+ Kd6
41. Qd7# 1-0

[Event "Gibraltar ChallWk2 11th"]
[Site "Gibraltar"]
[Date "2013.01.26"]
[Round "1.8"]
[White "Zanetti, Bruno"]
[Black "Vea, Odin Blikra"]
[Result "0-1"]
[WhiteElo "2030"]
[BlackElo "2233"]
[PlyCount "86"]
[EventDate "2013.01.26"]
[EventType "swiss"]
[EventRounds "5"]
[EventCountry "GGB"]
[SourceTitle "BritBase"]
[Source "www.saund.co.uk"]
[SourceDate "2018.02.10"]
[SourceVersion "1"]
[SourceVersionDate "2018.02.10"]
[SourceQuality "1"]

1. d4 c5 2. d5 e5 3. c4 d6 4. Nc3 Be7 5. e4 a6 6. a4 Bg5 7. Nf3 Bxc1 8. Rxc1
Ne7 9. Be2 Ng6 10. O-O Nf4 11. Qd2 Nd7 12. Rfd1 Qf6 13. Qe3 Qh6 14. Bf1 Nf6 15.
Ne2 g5 16. Ng3 Qg6 17. b4 Nd7 18. Qc3 cxb4 19. Qxb4 g4 20. Nh4 Qf6 21. Nhf5 Nc5
22. Qb6 Bxf5 23. exf5 h5 24. Re1 Qd8 25. Qb1 Qa5 26. Ne4 O-O-O 27. Ng5 h4 28.
Nxf7 g3 29. fxg3 hxg3 30. hxg3 Nh5 31. Nxh8 Rxh8 32. Re3 Qd2 33. Rce1 Nf6 34.
Qd1 Qa5 35. g4 Nce4 36. Bd3 Rh1+ 37. Kxh1 Nf2+ 38. Kg1 Nxd1 39. Rxd1 Nxg4 40.
Rf3 Qb6+ 41. Kh1 Nf2+ 42. Rxf2 Qxf2 43. Rf1 Qh4+ 0-1

[Event "Gibraltar ChallWk2 11th"]
[Site "Gibraltar"]
[Date "2013.01.26"]
[Round "1.9"]
[White "Al-Tamimi, Hamad"]
[Black "Hamer, Martyn"]
[Result "0-1"]
[WhiteElo "2231"]
[BlackElo "2025"]
[PlyCount "70"]
[EventDate "2013.01.26"]
[EventType "swiss"]
[EventRounds "5"]
[EventCountry "GGB"]
[SourceTitle "BritBase"]
[Source "www.saund.co.uk"]
[SourceDate "2018.02.10"]
[SourceVersion "1"]
[SourceVersionDate "2018.02.10"]
[SourceQuality "1"]

1. e4 Nf6 2. e5 Nd5 3. d4 d6 4. c4 Nb6 5. exd6 exd6 6. Nc3 Be7 7. Be3 O-O 8.
Bd3 Re8 9. Nge2 Nc6 10. b3 Bg4 11. Qd2 Bxe2 12. Nxe2 Bf6 13. O-O d5 14. c5 Nd7
15. b4 a6 16. Rab1 Nf8 17. a4 Qd7 18. b5 axb5 19. axb5 Ne7 20. Qc2 c6 21. b6
Qg4 22. h3 Qh4 23. Kh2 Neg6 24. Bf5 Be7 25. Ng3 Bg5 26. Bg4 Bxe3 27. Nf5 Bf4+
28. g3 Qg5 29. gxf4 Qxf4+ 30. Kg1 Ne6 31. Rbd1 Ng5 32. Nd6 Nh4 33. f3 Re3 34.
Qf2 Rxf3 35. Qxh4 Ra2 0-1

[Event "Gibraltar ChallWk2 11th"]
[Site "Gibraltar"]
[Date "2013.01.26"]
[Round "1.10"]
[White "Ungureanu, Sandu"]
[Black "Galvan, Jesus"]
[Result "0-1"]
[WhiteElo "2019"]
[BlackElo "2231"]
[PlyCount "84"]
[EventDate "2013.01.26"]
[EventType "swiss"]
[EventRounds "5"]
[EventCountry "GGB"]
[SourceTitle "BritBase"]
[Source "www.saund.co.uk"]
[SourceDate "2018.02.10"]
[SourceVersion "1"]
[SourceVersionDate "2018.02.10"]
[SourceQuality "1"]

1. e4 c5 2. Nf3 Nc6 3. d4 cxd4 4. Nxd4 Nf6 5. f3 d5 6. exd5 Qxd5 7. Nxc6 Qxc6
8. Be3 e5 9. Be2 Bc5 10. Bxc5 Qxc5 11. Qd3 O-O 12. Qc3 Qd6 13. Na3 Be6 14. Rd1
Nd5 15. Qd2 Qb6 16. Nc4 Qc5 17. Nxe5 Ne3 18. Qc3 Qxc3+ 19. bxc3 Nxd1 20. Kxd1
f6 21. Ng4 Rfd8+ 22. Kc1 Bxa2 23. c4 Rac8 24. Ne3 Kf8 25. Bd3 b5 26. Bxh7 Bxc4
27. h4 Bd3 28. Bxd3 Rxd3 29. Re1 b4 30. h5 b3 31. Re2 bxc2 32. Nxc2 Rc5 33. h6
gxh6 34. Kb2 Rb5+ 35. Kc1 Kf7 36. Re4 Rc5 37. Ra4 a5 38. Re4 Rdc3 39. Re2 h5
40. Kb2 Rxc2+ 41. Rxc2 Rxc2+ 42. Kxc2 h4 0-1

[Event "Gibraltar ChallWk2 11th"]
[Site "Gibraltar"]
[Date "2013.01.26"]
[Round "1.11"]
[White "Bird, Andrew"]
[Black "Cichy, Michael"]
[Result "1-0"]
[WhiteElo "2223"]
[BlackElo "2014"]
[PlyCount "113"]
[EventDate "2013.01.26"]
[EventType "swiss"]
[EventRounds "5"]
[EventCountry "GGB"]
[SourceTitle "BritBase"]
[Source "www.saund.co.uk"]
[SourceDate "2018.02.10"]
[SourceVersion "1"]
[SourceVersionDate "2018.02.10"]
[SourceQuality "1"]

1. Nf3 Nf6 2. c4 c5 3. Nc3 e6 4. g3 b6 5. Bg2 Bb7 6. O-O Be7 7. d4 cxd4 8. Qxd4
d6 9. Rd1 a6 10. Ng5 Bxg2 11. Kxg2 Nc6 12. Qf4 Qc7 13. Nce4 Ne5 14. Nxf6+ gxf6
15. Nf3 Qxc4 16. Nxe5 Qxf4 17. gxf4 fxe5 18. fxe5 O-O-O 19. Bf4 d5 20. Rd3
Rhg8+ 21. Kh3 Rd7 22. Rc1+ Rc7 23. Rxc7+ Kxc7 24. Rf3 Kd7 25. Be3 Ke8 26. Bxb6
Rg1 27. Rg3 Re1 28. Rg8+ Kd7 29. e3 Re2 30. Bd4 Rxf2 31. Ra8 f6 32. Kg3 Rf5 33.
Ra7+ Kd8 34. exf6 Bxf6 35. Bxf6+ Rxf6 36. Rxh7 e5 37. Rh5 Re6 38. Kf3 Kd7 39.
h4 Rf6+ 40. Ke2 Ke6 41. b4 d4 42. exd4 exd4 43. Ra5 Rf4 44. Kd3 Rxh4 45. Rxa6+
Kd7 46. a4 Kc7 47. b5 Kb7 48. Rd6 Rh3+ 49. Kc4 Ra3 50. Kb4 Rd3 51. a5 Rd1 52.
a6+ Ka7 53. Rd7+ Kb8 54. b6 Rb1+ 55. Kc5 Rc1+ 56. Kd6 d3 57. a7+ 1-0

[Event "Gibraltar ChallWk2 11th"]
[Site "Gibraltar"]
[Date "2013.01.26"]
[Round "1.12"]
[White "Reppen, Ellisiv"]
[Black "Urbina Perez, Juan Antonio"]
[Result "1-0"]
[WhiteElo "2005"]
[BlackElo "2214"]
[PlyCount "107"]
[EventDate "2013.01.26"]
[EventType "swiss"]
[EventRounds "5"]
[EventCountry "GGB"]
[SourceTitle "BritBase"]
[Source "www.saund.co.uk"]
[SourceDate "2018.02.10"]
[SourceVersion "1"]
[SourceVersionDate "2018.02.10"]
[SourceQuality "1"]

1. e4 e5 2. Nf3 Nc6 3. Bb5 a6 4. Ba4 Nge7 5. O-O g6 6. c3 Bg7 7. d4 exd4 8.
cxd4 b5 9. Bc2 O-O 10. Nc3 d6 11. h3 h6 12. Be3 d5 13. exd5 Nb4 14. d6 Qxd6 15.
Bb3 Nbd5 16. Bd2 Nxc3 17. bxc3 Kh7 18. Re1 Bb7 19. Ne5 Bd5 20. Bf4 Bxb3 21.
Qxb3 Qd5 22. Bg3 Qxb3 23. axb3 Nd5 24. c4 bxc4 25. bxc4 Nb4 26. Ra4 a5 27. Rd1
Kg8 28. d5 Rfd8 29. Nd3 Nxd3 30. Rxd3 c6 31. Bc7 Rd7 32. d6 c5 33. Rxa5 Rxa5
34. Bxa5 Bd4 35. Bc7 f6 36. g4 g5 37. Kg2 Kf7 38. Rd2 Ke6 39. f3 Be5 40. Re2
Kf7 41. Rd2 Ke6 42. Rd5 Bxd6 43. Bxd6 Rxd6 44. Rxc5 Rd2+ 45. Kg3 Rc2 46. h4 Kd6
47. Rc8 Kd7 48. Rh8 gxh4+ 49. Kxh4 Rxc4 50. Rxh6 Ke7 51. Rh5 Kf7 52. Rf5 Kg6
53. Kg3 Ra4 54. Rc5 {No further moves were recorded} 1-0

[Event "Gibraltar ChallWk2 11th"]
[Site "Gibraltar"]
[Date "2013.01.26"]
[Round "1.13"]
[White "Barrenechea Bahamonde, Gustavo"]
[Black "Canonne, Antoine"]
[Result "1/2-1/2"]
[WhiteElo "2211"]
[BlackElo "2002"]
[PlyCount "82"]
[EventDate "2013.01.26"]
[EventType "swiss"]
[EventRounds "5"]
[EventCountry "GGB"]
[SourceTitle "BritBase"]
[Source "www.saund.co.uk"]
[SourceDate "2018.02.10"]
[SourceVersion "1"]
[SourceVersionDate "2018.02.10"]
[SourceQuality "1"]

1. e4 Nc6 2. Nf3 e6 3. d4 d5 4. Nc3 dxe4 5. Nxe4 Nf6 6. Nxf6+ gxf6 7. c3 Qd5 8.
Bf4 Bd6 9. Bg3 Bd7 10. Be2 e5 11. dxe5 Qxd1+ 12. Rxd1 fxe5 13. Ng5 Bf5 14. Bf3
O-O 15. O-O h6 16. Ne4 Bxe4 17. Bxe4 f5 18. Bd5+ Kg7 19. Rfe1 Rae8 20. Re2 f4
21. Bh4 Rf5 22. Bf3 h5 23. a3 Kh6 24. Bd5 Be7 25. Be4 Rff8 26. Bxe7 Rxe7 27.
Red2 Kg5 28. Kf1 Kf6 29. Ke2 Rfe8 30. Kf3 Na5 31. Bd5 Rd8 32. b4 Nc6 33. Bxc6
Rxd2 34. Rxd2 bxc6 35. Rd8 Ke6 36. c4 Kf5 37. Rf8+ Ke6 38. Ke4 Rg7 39. Re8+ Kd7
40. Rxe5 Rxg2 41. Kxf4 Rg4+ 1/2-1/2

[Event "Gibraltar ChallWk2 11th"]
[Site "Gibraltar"]
[Date "2013.01.26"]
[Round "1.14"]
[White "Gromovs, Sergejs"]
[Black "Varga, Klara"]
[Result "0-1"]
[WhiteElo "2001"]
[BlackElo "2207"]
[PlyCount "94"]
[EventDate "2013.01.26"]
[EventType "swiss"]
[EventRounds "5"]
[EventCountry "GGB"]
[SourceTitle "BritBase"]
[Source "www.saund.co.uk"]
[SourceDate "2018.02.10"]
[SourceVersion "1"]
[SourceVersionDate "2018.02.10"]
[SourceQuality "1"]

1. d4 e6 2. c4 Nf6 3. Nf3 Bb4+ 4. Nbd2 O-O 5. a3 Be7 6. e4 d6 7. Bd3 Nbd7 8.
O-O e5 9. d5 Nc5 10. Bc2 a5 11. b3 Bg4 12. h3 Bh5 13. Bb2 Bg6 14. Re1 Nh5 15.
b4 Nd7 16. Bc3 axb4 17. axb4 Nf4 18. Nf1 Rxa1 19. Bxa1 f5 20. exf5 Bxf5 21.
Bxf5 Rxf5 22. Ng3 Rf7 23. Re3 b5 24. c5 Qa8 25. c6 Nb6 26. Bxe5 Nfxd5 27. Re4
dxe5 28. Nxe5 Rf4 29. Re2 Bd6 30. Nd7 Qxc6 31. Re8+ Rf8 32. Rxf8+ Bxf8 33. Ne5
Qe6 34. Qd4 Nxb4 35. f4 Qd5 36. Qa1 Nc4 37. Ng4 Nc2 38. Qa6 N2e3 39. Qa2 Nxg4
40. hxg4 Qd1+ 41. Kh2 Qxg4 42. Qb3 c6 43. Kg1 Qxf4 44. Kh1 Bc5 45. Nh5 Qh4+ 46.
Qh3 Qe1+ 47. Kh2 Bg1+ 0-1

[Event "Gibraltar ChallWk2 11th"]
[Site "Gibraltar"]
[Date "2013.01.26"]
[Round "1.15"]
[White "O'Toole, George E"]
[Black "Campbell, Ian"]
[Result "1-0"]
[WhiteElo "2204"]
[BlackElo "1998"]
[PlyCount "45"]
[EventDate "2013.01.26"]
[EventType "swiss"]
[EventRounds "5"]
[EventCountry "GGB"]
[SourceTitle "BritBase"]
[Source "www.saund.co.uk"]
[SourceDate "2018.02.10"]
[SourceVersion "1"]
[SourceVersionDate "2018.02.10"]
[SourceQuality "1"]

1. e4 g6 2. d4 Bg7 3. Nc3 d6 4. Be3 a6 5. Qd2 Nd7 6. h4 h6 7. f4 Ngf6 8. Nf3 b5
9. Bd3 Bb7 10. e5 Ng4 11. e6 Ndf6 12. f5 gxf5 13. Bxf5 Nxe3 14. Qxe3 b4 15.
exf7+ Kf8 16. Ne2 Bd5 17. Nf4 Bxf7 18. O-O Qe8 19. Rae1 c6 20. g4 Ra7 21. g5
Nd5 22. Nxd5 cxd5 23. Be6 1-0

[Event "Gibraltar ChallWk2 11th"]
[Site "Gibraltar"]
[Date "2013.01.26"]
[Round "1.16"]
[White "Davey, Mark"]
[Black "Sanchez Jerez, Emilio Miguel"]
[Result "0-1"]
[WhiteElo "1990"]
[BlackElo "2203"]
[PlyCount "88"]
[EventDate "2013.01.26"]
[EventType "swiss"]
[EventRounds "5"]
[EventCountry "GGB"]
[SourceTitle "BritBase"]
[Source "www.saund.co.uk"]
[SourceDate "2018.02.10"]
[SourceVersion "1"]
[SourceVersionDate "2018.02.10"]
[SourceQuality "1"]

1. e4 c5 2. Nf3 Nc6 3. d4 cxd4 4. Nxd4 Nf6 5. Nc3 e5 6. Ndb5 d6 7. Bg5 a6 8.
Na3 Be6 9. Nd5 Bxd5 10. Qxd5 Nxd5 11. Bxd8 Rxd8 12. exd5 Ne7 13. c4 Rc8 14. Be2
g6 15. O-O Bg7 16. Rfd1 O-O 17. Rab1 h5 18. b4 Nf5 19. b5 Nd4 20. Bf1 a5 21. b6
Rc5 22. Nb5 Nxb5 23. Rxb5 Rxb5 24. cxb5 Rc8 25. Rd3 e4 26. Ra3 Rc2 27. Ra4 f5
28. g3 Kf7 29. Rxa5 Bd4 30. Ra7 Kf6 31. Rxb7 Rxf2 32. Rd7 Kg5 33. b7 Kg4 34.
b8=Q Kf3 35. h4 e3 36. Be2+ Rxe2 37. Qxd6 Rg2+ 38. Kh1 Rxg3 39. Qxg3+ Kxg3 40.
Re7 f4 41. Kg1 e2+ 42. Kh1 f3 43. d6 f2 44. Rxe2 f1=Q# 0-1

[Event "Gibraltar ChallWk2 11th"]
[Site "Gibraltar"]
[Date "2013.01.26"]
[Round "1.17"]
[White "Sanchez Botella, Luis Javier"]
[Black "Rios Gonzalez, Jose Antonio"]
[Result "1-0"]
[WhiteElo "2196"]
[BlackElo "1990"]
[PlyCount "35"]
[EventDate "2013.01.26"]
[EventType "swiss"]
[EventRounds "5"]
[EventCountry "GGB"]
[SourceTitle "BritBase"]
[Source "www.saund.co.uk"]
[SourceDate "2018.02.10"]
[SourceVersion "1"]
[SourceVersionDate "2018.02.10"]
[SourceQuality "1"]

1. d4 d5 2. c4 c6 3. Nf3 Nf6 4. Nc3 e6 5. Bg5 h6 6. Bh4 dxc4 7. e4 g5 8. Bg3 b5
9. Be2 Bb7 10. Ne5 Nbd7 11. O-O a6 12. f4 g4 13. f5 c5 14. Nxf7 Kxf7 15. fxe6+
Kxe6 16. d5+ Kf7 17. e5 Bg7 18. Bxg4 1-0

[Event "Gibraltar ChallWk2 11th"]
[Site "Gibraltar"]
[Date "2013.01.26"]
[Round "1.18"]
[White "Suez-Panama, Gilles"]
[Black "Elishev, Ivan"]
[Result "0-1"]
[WhiteElo "1989"]
[BlackElo "2185"]
[PlyCount "72"]
[EventDate "2013.01.26"]
[EventType "swiss"]
[EventRounds "5"]
[EventCountry "GGB"]
[SourceTitle "BritBase"]
[Source "www.saund.co.uk"]
[SourceDate "2018.02.10"]
[SourceVersion "1"]
[SourceVersionDate "2018.02.10"]
[SourceQuality "1"]

1. d4 Nf6 2. Nf3 g6 3. c4 Bg7 4. Nc3 d5 5. cxd5 Nxd5 6. e4 Nxc3 7. bxc3 c5 8.
Rb1 O-O 9. Be2 b6 10. O-O Bb7 11. Qd3 e6 12. Rd1 Nd7 13. d5 exd5 14. exd5 Nf6
15. c4 Bc8 16. Qc2 Bf5 17. Bd3 Bg4 18. Bg5 Bxf3 19. gxf3 Qd6 20. Re1 Rfe8 21.
Qa4 Re5 22. f4 Rxg5+ 23. fxg5 Ng4 24. Re8+ Bf8 25. Rb2 Qxh2+ 26. Kf1 Qh1+ 27.
Ke2 Qg1 28. Kf3 Nh2+ 29. Ke3 Qxg5+ 30. f4 Qg1+ 31. Kd2 Nf3+ 32. Kc3 Qd4+ 33.
Kc2 Qxf4 34. Rxa8 Qd2+ 35. Kb1 Qe1+ 36. Kc2 Nd4# 0-1

[Event "Gibraltar ChallWk2 11th"]
[Site "Gibraltar"]
[Date "2013.01.26"]
[Round "1.19"]
[White "Jaunooby, Ali R"]
[Black "Gonzalvez Perales, Jose Luis"]
[Result "1-0"]
[WhiteElo "2178"]
[BlackElo "1984"]
[PlyCount "97"]
[EventDate "2013.01.26"]
[EventType "swiss"]
[EventRounds "5"]
[EventCountry "GGB"]
[SourceTitle "BritBase"]
[Source "www.saund.co.uk"]
[SourceDate "2018.02.10"]
[SourceVersion "1"]
[SourceVersionDate "2018.02.10"]
[SourceQuality "1"]

1. d4 Nf6 2. c4 c5 3. d5 d6 4. Nc3 e6 5. e4 exd5 6. cxd5 a6 7. f4 g6 8. e5 Nfd7
9. Nf3 Bg7 10. Ne4 dxe5 11. Nd6+ Ke7 12. Ng5 Qb6 13. Ngxf7 Rf8 14. Qg4 Nf6 15.
Qxc8 Nbd7 16. Qxb7 Qxb7 17. Nxb7 Kxf7 18. Bc4 Nb6 19. Bb3 Nfxd5 20. Be3 c4 21.
Nd6+ Ke7 22. Nxc4 Nxe3 23. Nxe3 exf4 24. Nd1 f3 25. gxf3 Rxf3 26. Ke2 Raf8 27.
Rc1 Kd6 28. Rc2 R3f5 29. Rd2+ Kc5 30. Rd3 Bh6 31. Rc3+ Kd6 32. Rh3 Bc1 33. Rxh7
Bxb2 34. Rg1 Re5+ 35. Kd3 Rf3+ 36. Kc2 Re2+ 37. Kb1 Bf6 38. Rxg6 a5 39. Rf7 Ke5
40. Rgxf6 Rxf6 41. Re7+ Kd4 42. Rxe2 a4 43. Rd2+ Kc5 44. Nc3 Rf1+ 45. Rd1 Rf4
46. Bc2 Rb4+ 47. Kc1 Rc4 48. Ne4+ Kb4 49. Rd6 1-0

[Event "Gibraltar ChallWk2 11th"]
[Site "Gibraltar"]
[Date "2013.01.26"]
[Round "1.20"]
[White "Sevillano Garcia, Joaquin"]
[Black "Smith, Andrew Philip"]
[Result "1-0"]
[WhiteElo "1983"]
[BlackElo "2175"]
[PlyCount "114"]
[EventDate "2013.01.26"]
[EventType "swiss"]
[EventRounds "5"]
[EventCountry "GGB"]
[SourceTitle "BritBase"]
[Source "www.saund.co.uk"]
[SourceDate "2018.02.10"]
[SourceVersion "1"]
[SourceVersionDate "2018.02.10"]
[SourceQuality "1"]

1. Nf3 c5 2. b3 d6 3. Bb2 e5 4. d3 g6 5. Nbd2 Bg7 6. g3 f5 7. e4 Nf6 8. Bg2 Nc6
9. Qe2 O-O 10. h3 h6 11. O-O-O Kh7 12. Kb1 Be6 13. exf5 gxf5 14. Rde1 Re8 15.
Nh4 Nd4 16. Qd1 Qd7 17. Nc4 Rab8 18. Ne3 b5 19. c3 Nc6 20. g4 f4 21. Nef5 d5
22. Nxg7 Kxg7 23. d4 cxd4 24. cxd4 e4 25. f3 e3 26. Bf1 Ne7 27. Bd3 a5 28. a3
a4 29. b4 Rf8 30. Qe2 Ne8 31. Qh2 Rf7 32. Ng2 Qd6 33. Rc1 Ng6 34. Rc5 Bd7 35.
Rhc1 Nf8 36. Nh4 Kg8 37. Nf5 Bxf5 38. gxf5 Rb6 39. Rg1+ Kh8 40. Rc2 Rg7 41.
Rxg7 Nxg7 42. Qg2 Qf6 43. Qg4 Qd6 44. Rc8 Rb7 45. Qh4 Rf7 46. Rd8 Qf6 47. Qxf6
Rxf6 48. Rxd5 Nh7 49. h4 Rf8 50. Rxb5 Nf6 51. d5 Ngh5 52. Rb6 Kg8 53. Bxf6 Nxf6
54. Re6 Kf7 55. d6 Rd8 56. Bc4 Nd7 57. Rxh6+ Kg7 {No further moves were
recorded} 1-0